Captain America Villains by Picture - Statistics

General Stats
  • This quiz has been taken 138 times
  • The average score is 17 of 44
Answer Stats
Picture Answer % Correct
Red Skull
100%
Taskmaster
88%
Crossbones
84%
Baron Zemo
83%
Arnim Zola
78%
Viper
77%
Batroc the Leeper
63%
Baron von Strucker
60%
Cobra
57%
Red Guardian
54%
Diamondback
48%
Constrictor
42%
Cottonmouth
41%
Anaconda
39%
Bushmaster
38%
Armadillo
34%
Black Mamba
33%
Sidewinder
33%
Taurus
33%
Cancer
32%
Leo
32%
Scorpio
32%
Baron Blood
30%
Vermin
30%
Death Adder
29%
Rattler
29%
Puff Adder
28%
Aries
27%
Flag-Smasher
27%
Libra
27%
Pisces
27%
Asp
26%
Doctor Faustus
26%
Sagittarius
26%
Aquarius
25%
Virgo
25%
Capricorn
24%
Gemini
23%
Master Man
17%
Scourge of the Underworld
15%
Nightshade
11%
Warrior Woman
11%
Mother Night
10%
Golddigger
5%
No matching quizzes found
Score Distribution
Percent of People with Each Score
Percentile by Number Answered
Your Score History
You have not taken this quiz